Представление документа в формате RUSMARC

ПолеНазваниеЗначение
  Тип записи a
  Библиографический уровень m
001 Контрольный номер RU/IS/BASE/535547834
005 Дата корректировки 20240209174707.1
010 Индекс ISBN __
a ISBN
b Уточнения в пер.
d Цена 60 р. 00 к.
9 Тираж экз.
100 Данные общей обработки __
a Данные общей обработки 20161220d2016 ||| 0rusy0189 ca
101 Язык документа 0_
a Язык текста rus
102 Страна публикации __
a Страна публикации RU
105 Кодированные данные (монография) __
a Кодированные данные (монография) y###||||000|y
200 Заглавие и сведения об ответственности 1_
a Заглавие Тарас Бульба
b Общее обозначение материала Текст
e Сведения, относящиеся к заглавию повесть
f Первые сведения об ответственности Н. В. Гоголь
g Последующие сведения об ответственности вступ. ст. В. Воропаева
g Последующие сведения об ответственности коммент. И. Виноградова
g Последующие сведения об ответственности ил. Е. Кибрика
210 Выходные данные 1_
a Место издания Москва
c Издательство Детская литература
d Дата издания 2004
215 Физическое описание __
a Объем 188 с.
c Иллюстрации/тип воспроизводства ил.
d Формат см.
225 Серия 0_
a Серия Школьная библиотека
300 Общие примечания __
a Общие примечания Ограничения по возрасту - 12+
300 Общие примечания __
a Общие примечания Под инв. номером 101623: Ц-1, 11-1
606 Тематические рубрики 0_
a Основная рубрика Русская литература, 19 в. - Проза
610 Ключевые слова 0_
a Ключевые слова литература русская
a Ключевые слова произведения школьной программы
a Ключевые слова казачество запорожское
a Ключевые слова борьба освободительная
a Ключевые слова патриотизм
686 Индексы других классификаций __
a Классификационный индекс 84(2Рос=Рус)1
2 Код системы ББК
700 Автор _0
a Фамилия Гоголь
b Имя (инициалы) Николай Васильевич
g Полное личное имя Н. В.
801 Источник записи _0
a Страна RU
b Организация МБУК ЦБС
c Дата составления 20161220
g Правила каталогизации RCR
801 Источник записи _1
a Страна RU
b Организация МБУК ЦБС г. Ульяновска
c Дата составления 20161220
g Правила каталогизации RCR
899 Данные о местонахождении __
i Авторский знак Г 58
j Расстановочный фильтр Р1
901 Тип документа __
t Тип документа m
910 Корректоры записи __
a Корректор записи Хисамова